00958nam a2200205 a 450000100100000000500170001000800410002704000250006804100130009324500800010626000770018630000350026350000270029850000270032571000560035295201110040895201050051995201110062499900170073500004539120240313073819.0150306s201u dr ac 000 0 spa d aDO-SdBNPbspacBNPHU17aspabeng00aFestival de cine global dominicano :btemas globales, historias personales. aSanto Domingo :bFUNGLODE,bFestival de cine global dominicano,c[201u]. a76 p. :bil., retrs. ;c21 cm. aAlemania pais de honor aGuía de proyecciones2 aFundación Global Democracía y Desarrollo925477 0010718DSaGRbGRcCTd2015-03-06iLF1l0o p45391-30r2020-06-25te. 3w2020-06-25yLFDSZNo se presta 0010718PDaPDbPDcCTd2015-03-06iLF1l0o p45391-10r2020-06-25w2020-06-25yLFPDZNo se presta 0010718PDaPDbPDcCTd2015-03-06iLF1l0o p45391-20r2020-06-25te. 2w2020-06-25yLFPDZNo se presta c44880d44880